A ilha do Porto Santo (Registo nº 24)
[ vista simples ]
| 000 -Etiqueta do registo | |
|---|---|
| Cabeçalho | 00902nam a2200325 4500 |
| 005 - Identificador da versão | |
| Campo de controlo | 20240813121752.0 |
| 010 ## - Número internacional normalizado dos livros (ISBN) | |
| Número (ISBN) | 9728545061 |
| 021 ## - Número do Depósito Legal | |
| Código do país | PT |
| Número | 152608/00 |
| 035 ## - Other System Control Numbers | |
| System Control Number | 0000024 |
| System Control Number | 0000024 |
| System Control Number | 0000024 |
| System Control Number | 0000024 |
| 100 ## - Dados gerais de processamento | |
| Dados gerais de processamento | 20010611d2000 m y0pory5003 ba |
| 102 ## - Pais de publicação ou produção | |
| País de publicação | Portugal |
| 101 0# - Língua de publicação | |
| Língua do texto, banda sonora, etc. | Português |
| 106 ## - Campo de dados codificados: material textual | |
| Dados codificados do material textual | r |
| 105 ## - Campo de dados codificados: livros | |
| Dados codificados dos livros | a z 001yy |
| 215 ## - Descrição física | |
| Indicação específica da natureza do documento e extensão da espécie | 111, [1] p. |
| Outras indicações físicas | il. |
| Dimensões | 22 cm |
| 200 1# - Titulo e menção de responsabilidade | |
| Título próprio | A ilha do Porto Santo |
| Primeira menção de responsabilidade | João Adriano Ribeiro |
| Outras menções de responsabilidade | fot. Marcial Fernandes, João Adriano Ribeiro |
| 225 2# - Colecção | |
| Título próprio da colecção | Roteiro |
| Indicação de volume | 1 |
| 210 ## - Publicação, Distribuição, etc. | |
| Lugar da edição, distribuição, etc. | [S.l.] |
| Nome do editor, distribuidor, etc. | Calcamar |
| Data da publicação, distribuição, etc. | 2000 |
| Lugar da impressão | [Madeira] |
| 607 ## - Nome geográfico usado como assunto | |
| Número de registo de entrada de autoridade | 0000062 |
| Palavra de ordem | Porto Santo (Portugal) |
| Código do sistema | SIPOR |
| 675 ## - Classificação Decimal Universal (CDU) | |
| Notação | 908(469.8) |
| Edição | BN |
| Língua da edição | por |
| 702 ## - Nome de autor-pessoa física (responsabilidade secundária) | |
| Número de registo de entrada de autoridade | 0000065 |
| Palavra de ordem | Fernandes |
| Outra parte do nome não tomada para palavra de ordem | Marcial |
| Código de função | Fotógrafo |
| 700 ## - Nome de autor-pessoa física (responsabilidade principal) | |
| Número de registo de entrada de autoridade | 0000064 |
| Palavra de ordem | Ribeiro |
| Outra parte do nome não tomada para palavra de ordem | João Adriano |
| 966 ## - Identificação da Biblioteca | |
| Sigla | NUMETECA |
| 942 ## - Elementos de entrada adicionados (Koha) | |
| Tipo de item no Koha | Livro |
| Situação do levantamento | Origin of item (home branch) (coded) | Biblioteca de empréstimo | Código de barras | Cota | Circulation type (not for loan) | Tipo de documento | Nota do exemplar | Damaged status |
|---|---|---|---|---|---|---|---|---|
| Biblioteca Escolar Eng. Nuno Mergulhão | Biblioteca Escolar Eng. Nuno Mergulhão | BENM377 | 908 | Livro | Sem mensagem |
